Wojewodschaften Polens auf einer Karte (Verwaltungsbezirke) - Statistiken

Allgemein
  • Dieses Quiz wurde 44 mal gespielt
  • Das Durchschnittsergebnis liegt bei 5 aus 16
Antworten auf der Karte
Die Antworten werden auf der Karte rot bzw. grün angezeigt, abhängig davon wie oft sie richtig erraten wurden.
 
Antwortstatistiken
Verwaltungsbezirk % Korrekt
Pommern
69%
Kleinpolen
56%
Großpolen
47%
Lodz
44%
Westpommern
44%
Lublin
42%
Niederschlesien
42%
Oppeln
39%
Masowien
36%
Heiligkreuz
25%
Lebus
19%
Podlachien
19%
Kujawien-Pommern
17%
Ermland-Masuren
14%
Sxhlesien
6%
Karpartenvorland
3%
Keine übereinstimmenden Quizze gefunden
Verteilung der Resultate
Anzahl Personen mit jedem Resultat
Perzentil nach korrekt beantworteten Fragen
Ihre Resultats-Entwicklung
Sie haben dieses Quiz noch nicht gespielt